000 00378nam a2200133Ia 4500
003 GCL
008 140319s9999 xx 000 0 ara d
040 _aGCL /
_cGCL
082 0 4 _a355.003
_bا م
100 1 _aاحمد انور زهران
245 1 0 _aموسوعة نظم واساليب الحرب الحديثة /
_cاحمد انور زهران
300 _a182 ص
490 _a
999 _c37800
_d37800